[Event "Barcelona Sant Marti op 8th"]
[Site "Barcelona"]
[Date "2019.01.31"]
[Round "3"]
[White "Asensio Linan, Teodoro"]
[Black "Sanchez Cozar Valero, Juan"]
[Result "1/2-1/2"]
[WhiteElo "2168"]
[BlackElo "1952"]
[PlyCount "124"]
[EventDate "2019.01.17"]
[EventType "swiss"]
[EventRounds "9"]
[EventCountry "ESP"]
[SourceTitle "CBM 189 Extra"]
[Source "ChessBase"]
[SourceDate "2019.06.03"]
[SourceVersion "1"]
[SourceVersionDate "2019.06.03"]
[SourceQuality "1"]

1. e4 c5 2. Nf3 Nc6 3. Nc3 g6 4. d4 cxd4 5. Nxd4 Bg7 6. Be3 Nf6 7. Be2 d5 8. Bb5 0-0 9. Nxc6 bxc6 10. Bxc6 Rb8 11. 0-0 Ba6 12. Re1 Rxb2 13. e5 Nd7 14. Bd4 Nxe5 15. Bxd5 Qc7 16. Na4 Rxc2 17. Bb3 Rc6 18. Bd5 Rd8 19. Bxc6 Nxc6 20. Qc2 Bxd4 21. Rad1 e5 22. Nc5 Bxc5 23. Qxc5 Rxd1 24. Rxd1 Bb7 25. Rc1 Qd7 26. Qb5 Ba8 27. h3 Qb7 28. a4 Kg7 29. Qd5 a5 30. Rc5 Qb1+ 31. Kh2 Qb6 32. Qd6 Qb7 33. Qd5 Qc7 34. Kg1 Bb7 35. h4 h5 36. Kf1 Qd8 37. Qxd8 Nxd8 38. Rxa5 Nc6 39. Rc5 Kf6 40. f3 Ke6 41. Kf2 Kd6 42. Rb5 Ba6 43. Rb1 Bc4 44. Ke3 Nd4 45. g4 hxg4 46. fxg4 f5 47. Rb6+ Nc6 48. gxf5 gxf5 49. h5 f4+ 50. Kf3 Bd5+ 51. Kg4 Be6+ 52. Kg5 f3 53. h6 Bg8 54. Rb2 Nd4 55. Kg4 Be6+ 56. Kg3 Nf5+ 57. Kxf3 Nxh6 58. Rb6+ Ke7 59. Ke4 Nf7 60. Rb7+ Kd6 61. Rb6+ Kd7 62. a5 Nd6+ 1/2-1/2

[Event "Barcelona Sant Marti op 7th"]
[Site "Barcelona"]
[Date "2018.02.15"]
[Round "6"]
[White "Sanchez Cozar Valero, Juan"]
[Black "Hinarejos Montano, Andres"]
[Result "1-0"]
[WhiteElo "2006"]
[BlackElo "1613"]
[PlyCount "41"]
[EventDate "2018.01.11"]
[EventType "swiss"]
[EventRounds "9"]
[EventCountry "ESP"]
[SourceTitle "EXT 2019"]
[Source "ChessBase"]
[SourceDate "2018.10.10"]
[SourceVersion "1"]
[SourceVersionDate "2018.10.10"]
[SourceQuality "1"]

1. e4 e5 2. Nf3 d6 3. d4 exd4 4. Nxd4 Be7 5. Nc3 Nf6 6. Be2 0-0 7. 0-0 Nbd7 8. Nf5 Ne5 9. Nxe7+ Qxe7 10. Bg5 h6 11. Nd5 Qd8 12. Nxf6+ gxf6 13. Bxh6 Re8 14. f4 Ng6 15. Bd3 Qd7 16. f5 Ne5 17. Rf4 d5 18. Qh5 dxe4 19. Rg4+ Ng6 20. fxg6 Qxg4 21. gxf7+ 1-0

[Event "Barcelona Sant Marti op 7th"]
[Site "Barcelona"]
[Date "2018.02.01"]
[Round "4"]
[White "Sanchez Cozar Valero, Juan"]
[Black "Tortosa Moros, Joan"]
[Result "1-0"]
[WhiteElo "2006"]
[BlackElo "1638"]
[PlyCount "71"]
[EventDate "2018.01.11"]
[EventType "swiss"]
[EventRounds "9"]
[EventCountry "ESP"]
[SourceTitle "EXT 2019"]
[Source "ChessBase"]
[SourceDate "2018.10.10"]
[SourceVersion "1"]
[SourceVersionDate "2018.10.10"]
[SourceQuality "1"]

1. e4 c5 2. Nf3 Nc6 3. Bb5 g6 4. Bxc6 bxc6 5. 0-0 Bg7 6. Re1 d6 7. e5 Nh6 8. d3 0-0 9. Bf4 Bg4 10. Nbd2 d5 11. h3 Bxf3 12. Nxf3 e6 13. Bg5 Qb6 14. Qc1 Nf5 15. g4 Nd4 16. Nh2 Nb5 17. Bh6 Rab8 18. c3 Nc7 19. b3 f6 20. Bxg7 Kxg7 21. exf6+ Rxf6 22. g5 Rf5 23. Ng4 Rbf8 24. Qe3 d4 25. Qd2 Rf3 26. Kg2 R3f5 27. c4 Qb7 28. Re5 Qc8 29. Rxf5 Rxf5 30. Nh6 Rf8 31. Qe2 Ne8 32. Qe5+ Nf6 33. Ng4 h5 34. Nxf6 Kf7 35. Re1 Ke7 36. Qxc5+ 1-0

[Event "Balaguer op 12th"]
[Site "Balaguer"]
[Date "2007.07.16"]
[Round "1"]
[White "Sanchez Cozar Valero, Juan"]
[Black "Babaev, Rashad"]
[Result "0-1"]
[WhiteElo "1993"]
[BlackElo "2488"]
[PlyCount "62"]
[EventDate "2007.07.16"]
[EventType "swiss"]
[EventRounds "10"]
[EventCountry "ESP"]
[SourceTitle "CBM 119 Extra"]
[Source "ChessBase"]
[SourceDate "2007.09.04"]
[SourceVersion "1"]
[SourceVersionDate "2007.09.04"]
[SourceQuality "1"]

1. e4 c5 2. Nc3 d6 3. f4 g6 4. Nf3 Bg7 5. Bc4 Nc6 6. 0-0 e6 7. f5 exf5 8. exf5 Bxf5 9. d3 Nge7 10. Bxf7+ Kxf7 11. Ng5+ Kg8 12. g4 h6 13. gxf5 Bd4+ 14. Kh1 hxg5 15. Bxg5 Qd7 16. Ne4 Nxf5 17. c3 Be5 18. Nf6+ Bxf6 19. Bxf6 Ng3+ 20. Kg1 Nxf1 21. Bxh8 Ne3 22. Qf3 Qg4+ 23. Qxg4 Nxg4 24. h3 Kxh8 25. hxg4 Re8 26. Kf2 Ne5 27. Kg3 Nxd3 28. Rd1 c4 29. b3 d5 30. bxc4 dxc4 31. Rf1 Kg7 0-1